10 anys de suport als serveis municipals d'informació juvenil [Enregistrament de vídeo]
Descripción Física:
1 videocasset (VHS)
Materias:
Joves -- Serveis d'informació
MARC
| LEADER | 00000nam a2200000Ia 4500 | ||
|---|---|---|---|
| 001 | 19881 | ||
| 008 | 160829s9999 xx 000 0 cat d | ||
| 080 | |a VID-12 | ||
| 245 | |a 10 anys de suport als serveis municipals d'informació juvenil [Enregistrament de vídeo] | ||
| 260 | |a Barcelona: |b Diputació de Barcelona. Àrea de Cultura. Oficina del Pla Jove, [1998] | ||
| 300 | |a 1 videocasset (VHS) | ||
| 650 | |a Joves |x Serveis d'informació |9 26783 | ||
| 710 | 1 | |a Barcelona (Catalunya : Província). |b Oficina del Pla Jove |9 52707 | |
| 901 | |a Arxiu | ||
| 942 | |n 1 | ||
| 952 | |0 0 |1 0 |4 0 |6 VID12 |7 1 |9 51647 |a Arxiu |b Arxiu |d 2016-12-01 |l 0 |o VID-12 |p 19881 |r 2016-12-01 00:00:00 |w 2016-12-01 |y ARXIU | ||
| 999 | |c 55492 |d 55492 | ||